[Event "Laval XIX"]
[Site "Laval CAN"]
[Date "2002.04.20"]
[Round "3"]
[White "Hebert, Jean"]
[Black "Robichaud, Louis"]
[Result "1-0"]
[WhiteElo "2438"]
[BlackElo "2034"]
[PlyCount "77"]
[GameId "2160767911483359"]
[EventDate "2002.04.19"]
[EventType "swiss"]
[EventRounds "5"]
[EventCountry "CAN"]
[SourceTitle "EXT 2022"]
[Source "ChessBase"]
[SourceDate "2021.10.06"]
[SourceVersion "1"]
[SourceVersionDate "2021.10.06"]
[SourceQuality "1"]

1. Nf3 Nf6 2. c4 g6 3. Nc3 Bg7 4. e4 d6 5. d4 O-O 6. Be2 e5 7. O-O Nc6 8. d5 Ne7 9. b4 c6 10. dxc6 Nxc6 11. Rb1 Re8 12. Be3 Nd4 13. Nxd4 exd4 14. Bxd4 Nxe4 15. Nd5 Bxd4 16. Qxd4 Be6 17. Ne3 f5 18. Bf3 Bf7 19. Nd5 Re5 20. Bxe4 fxe4 21. Ne3 Qg5 22. Qxd6 Rd8 23. Qc7 Qe7 24. Qxe7 Rxe7 25. Rfd1 Rxd1+ 26. Rxd1 Rc7 27. a4 Be8 28. a5 b6 29. axb6 axb6 30. h4 Rc6 31. b5 Re6 32. Rd8 Kf7 33. g4 Ke7 34. Rb8 Kd6 35. Rxb6+ Ke5 36. Rxe6+ Kxe6 37. g5 Kd6 38. Kg2 Kc5 39. Kg3 1-0

[Event "Laval XIX"]
[Site "Laval CAN"]
[Date "2002.04.21"]
[Round "4"]
[White "Linskiy, Oleg"]
[Black "Hebert, Jean"]
[Result "0-1"]
[WhiteElo "2458"]
[BlackElo "2438"]
[PlyCount "144"]
[GameId "2160767911483368"]
[EventDate "2002.04.19"]
[EventType "swiss"]
[EventRounds "5"]
[EventCountry "CAN"]
[SourceTitle "EXT 2022"]
[Source "ChessBase"]
[SourceDate "2021.10.06"]
[SourceVersion "1"]
[SourceVersionDate "2021.10.06"]
[SourceQuality "1"]

1. d4 Nf6 2. Nf3 g6 3. c4 Bg7 4. Nc3 O-O 5. e4 d6 6. Be2 Bg4 7. Be3 Nfd7 8. O-O e5 9. d5 Bxf3 10. Bxf3 f5 11. Be2 f4 12. Bd2 a5 13. a3 Nc5 14. b4 axb4 15. axb4 Rxa1 16. Qxa1 Nb3 17. Qd1 Nd4 18. f3 Na6 19. Nb5 c6 20. Nxd4 exd4 21. dxc6 bxc6 22. Qb3 c5 23. Bd3 Nxb4 24. Bxb4 Qb6 25. Rb1 Qxb4 26. Qxb4 cxb4 27. Rxb4 Ra8 28. Rb1 Ra3 29. Rd1 Bf6 30. Kf2 Kg7 31. Ke2 Bd8 32. Bb1 Re3+ 33. Kf2 Rb3 34. Bd3 Ba5 35. Be2 Rb2 36. Kf1 Bd2 37. Ra1 Be3 38. Rd1 Kf6 39. Rd3 h5 40. Rd1 Rc2 41. Ke1 Ke6 42. Rd3 Kd7 43. Rd1 Kc6 44. Ra1 Kb6 45. Rd1 Kc5 46. Rd3 Bg1 47. h3 Be3 48. Rd1 Kb4 49. Rd3 Rd2 50. Kf1 Rc2 51. Rd1 Kc3 52. Rd3+ Kb2 53. Rd1 Kb3 54. Ke1 Rb2 55. h4 Kc2 56. c5 dxc5 57. e5 Rb6 58. Bc4 Kc3 59. Bd5 Rb2 60. e6 Bf2+ 61. Kf1 Bxh4 62. Be4 c4 63. Rc1+ Kd2 64. e7 Bxe7 65. Rxc4 d3 66. Kg1 Bh4 67. g3 Bxg3 68. Rd4 Rb3 69. Bxg6 Ke2 70. Kg2 d2 71. Re4+ Re3 72. Rxe3+ Kxe3 0-1

[Event "Laval XIX"]
[Site "Laval CAN"]
[Date "2002.04.21"]
[Round "5"]
[White "Hebert, Jean"]
[Black "Schleifer, Michael"]
[Result "1-0"]
[WhiteElo "2438"]
[BlackElo "2372"]
[PlyCount "77"]
[GameId "2160767911483372"]
[EventDate "2002.04.19"]
[EventType "swiss"]
[EventRounds "5"]
[EventCountry "CAN"]
[SourceTitle "EXT 2022"]
[Source "ChessBase"]
[SourceDate "2021.10.06"]
[SourceVersion "1"]
[SourceVersionDate "2021.10.06"]
[SourceQuality "1"]

1. Nf3 b5 2. e4 Bb7 3. Bxb5 Bxe4 4. O-O Nf6 5. d4 e6 6. c4 Be7 7. Nc3 Bb7 8. Re1 O-O 9. h3 d6 10. Ba4 Nbd7 11. Bc2 c5 12. dxc5 Nxc5 13. Be3 Rc8 14. Rc1 a6 15. Bd4 g6 16. Qe2 Nh5 17. Be3 Bf6 18. Bb1 Bg7 19. Red1 Qc7 20. b4 Nd7 21. Ne4 Bxe4 22. Bxe4 Nhf6 23. Bb1 a5 24. b5 Nb6 25. c5 dxc5 26. Bxc5 Rfd8 27. Be3 Qb7 28. Nd4 Rxc1 29. Rxc1 Nfd5 30. Nc6 Ra8 31. Be4 Nc3 32. Rxc3 Bxc3 33. Qd3 Bf6 34. Nxa5 Qc7 35. Bxa8 Nxa8 36. Nc6 Nb6 37. Bxb6 Qxb6 38. a4 Qc5 39. g3 1-0

[Event "CAN-ch"]
[Site "Richmond CAN"]
[Date "2002.03.21"]
[Round "1.4"]
[White "Wu, Howard"]
[Black "Hebert, Jean"]
[Result "0-1"]
[WhiteElo "2230"]
[BlackElo "2470"]
[PlyCount "64"]
[GameId "2160767911483522"]
[EventDate "2002.03.21"]
[EventType "swiss"]
[EventRounds "11"]
[EventCountry "CAN"]

1. e4 c5 2. Nf3 e6 3. d4 cxd4 4. Nxd4 Nc6 5. Nc3 a6 6. g3 Nf6 7. Bg2 Qc7 8. Nb3 d6 9. O-O Be7 10. Qe2 b5 11. Be3 Rb8 12. f4 O-O 13. Rac1 Rd8 14. a3 Bb7 15. g4 Nd7 16. g5 Nb6 17. f5 Nc4 18. fxe6 fxe6 19. Bh3 Bc8 20. g6 hxg6 21. Bd2 Bf6 22. Qg2 N6e5 23. Nd1 Qa7+ 24. Kh1 d5 25. Bb4 dxe4 26. Nc5 a5 27. Nxe4 axb4 28. Rxf6 gxf6 29. Nxf6+ Kg7 30. Nh5+ Kh6 31. Nf2 Bb7 32. Ne4 Qe3 0-1

[Event "CAN-ch"]
[Site "Richmond CAN"]
[Date "2002.03.22"]
[Round "2"]
[White "Hebert, Jean"]
[Black "Neven, Knut"]
[Result "1-0"]
[WhiteElo "2398"]
[BlackElo "2265"]
[PlyCount "117"]
[GameId "2160767911483536"]
[EventDate "2002.03.21"]
[EventType "swiss"]
[EventRounds "11"]
[EventCountry "CAN"]
[SourceTitle "CBM 088"]
[Source "ChessBase"]
[SourceDate "2002.03.21"]
[SourceVersion "1"]
[SourceVersionDate "2002.03.21"]
[SourceQuality "1"]

1. Nf3 Nf6 2. c4 g6 3. Nc3 d5 4. cxd5 Nxd5 5. Qb3 Nb6 6. d4 Bg7 7. Bg5 Be6 8. Qc2 Nc6 9. Rd1 Nb4 10. Qb1 O-O 11. a3 N4d5 12. Ne4 Bf5 13. e3 Bxe4 14. Qxe4 Qd6 15. Bh4 Nf6 16. Qc2 Rac8 17. Be2 c5 18. d5 e5 19. O-O Rfe8 20. e4 Nfd7 21. Bg5 Rf8 22. Bd2 h6 23. a4 f5 24. a5 fxe4 25. Qxe4 Na8 26. Bb5 Rcd8 27. Rfe1 Nc7 28. Bd3 Rf6 29. Bc4 b5 30. axb6 Nxb6 31. Ba2 c4 32. Bxc4 Nxc4 33. Qxc4 Kh7 34. Bb4 Rf4 35. Bxd6 Rxc4 36. Bxc7 Rxc7 37. Nxe5 Rc5 38. Nc6 Rdxd5 39. Rxd5 Rxd5 40. b4 Bc3 41. Re7+ Kh8 42. g3 a5 43. bxa5 Bxa5 44. Re6 Kh7 45. Ne5 g5 46. Ng4 Kg7 47. Nxh6 Bc3 48. Kg2 Re5 49. Rxe5 Bxe5 50. Ng4 Bd4 51. Kf3 Kg6 52. Ke4 Bb6 53. Ke5 Bc7+ 54. Ke6 Bb6 55. f3 Bc7 56. Ne5+ Kh5 57. Kf5 Bd8 58. Nf7 Be7 59. h4 1-0

[Event "CAN-ch"]
[Site "Richmond CAN"]
[Date "2002.03.23"]
[Round "3"]
[White "Cummings, David"]
[Black "Hebert, Jean"]
[Result "0-1"]
[WhiteElo "2373"]
[BlackElo "2398"]
[PlyCount "82"]
[GameId "2160767911483553"]
[EventDate "2002.03.21"]
[EventType "swiss"]
[EventRounds "11"]
[EventCountry "CAN"]
[SourceTitle "CBM 088"]
[Source "ChessBase"]
[SourceDate "2002.03.21"]
[SourceVersion "1"]
[SourceVersionDate "2002.03.21"]
[SourceQuality "1"]

1. Nf3 Nf6 2. c4 g6 3. Nc3 Bg7 4. e4 d6 5. d4 O-O 6. Be2 Bg4 7. Be3 Nfd7 8. Ng1 Bxe2 9. Ngxe2 c5 10. d5 a6 11. a4 Qa5 12. Rc1 Qb4 13. b3 b5 14. cxb5 axb5 15. axb5 Ra3 16. Bd2 Rxb3 17. O-O Rb2 18. Rc2 Nb6 19. Rxb2 Qxb2 20. Qc1 Qb3 21. Bh6 N8d7 22. Bxg7 Kxg7 23. Qg5 Nf6 24. Ra1 h6 25. Qc1 Nfd7 26. h4 e6 27. dxe6 fxe6 28. Ra7 Rf7 29. h5 g5 30. f4 gxf4 31. Nxf4 Rxf4 32. Qxf4 Qxc3 33. Qg4+ Kf8 34. Qxe6 Qc1+ 35. Kh2 Qf4+ 36. Kg1 Qf6 37. Qh3 Qd4+ 38. Kh1 Ke7 39. Ra3 Nc4 40. Rg3 Nd2 41. b6 Qa1+ 0-1

[Event "CAN-ch"]
[Site "Richmond CAN"]
[Date "2002.03.24"]
[Round "5.1"]
[White "Hebert, Jean"]
[Black "Spraggett, Kevin"]
[Result "0-1"]
[WhiteElo "2470"]
[BlackElo "2629"]
[PlyCount "80"]
[GameId "2160767911483595"]
[EventDate "2002.03.21"]
[EventType "swiss"]
[EventRounds "11"]
[EventCountry "CAN"]

1. Nf3 Nf6 2. c4 e6 3. Nc3 c5 4. g3 a6 5. Bg2 Qc7 6. O-O d6 7. b3 Be7 8. d4 cxd4 9. Nxd4 Bd7 10. Bb2 Nc6 11. Rc1 Nxd4 12. Qxd4 O-O 13. Rfd1 Rfd8 14. e3 Be8 15. a4 Rab8 16. Ba3 b6 17. e4 h6 18. h3 Rbc8 19. Kh2 Qb8 20. Qe3 Nd7 21. Bb4 Nc5 22. Rb1 Qc7 23. Qe1 Bc6 24. f3 Bf6 25. Qe3 Bb7 26. Ne2 d5 27. cxd5 exd5 28. exd5 Re8 29. Qf2 Nd3 30. Rxd3 Qc2 31. Rd2 Qxb1 32. Qxb6 Bxd5 33. Nf4 Ba8 34. Nh5 Ba1 35. Ba5 Rb8 36. Qxa6 Qxb3 37. Bc7 Rbc8 38. Bf4 Bxf3 39. Rd3 Rc2 40. Bd2 Rxd2 0-1

[Event "CAN-ch"]
[Site "Richmond CAN"]
[Date "2002.03.27"]
[Round "7.3"]
[White "Hebert, Jean"]
[Black "Reeve, Jeff"]
[Result "1-0"]
[WhiteElo "2470"]
[BlackElo "2348"]
[PlyCount "117"]
[GameId "2160767911483630"]
[EventDate "2002.03.21"]
[EventType "swiss"]
[EventRounds "11"]
[EventCountry "CAN"]

1. d4 Nf6 2. c4 g6 3. Nc3 Bg7 4. e4 d6 5. f3 O-O 6. Be3 Nc6 7. Nge2 a6 8. Qd2 Rb8 9. Rb1 b5 10. cxb5 axb5 11. b4 e5 12. d5 Ne7 13. Ng3 Bd7 14. Bd3 c6 15. dxc6 Bxc6 16. O-O d5 17. Bc5 Re8 18. Rbc1 h5 19. Rfd1 d4 20. Nce2 Qd7 21. Rc2 Kh7 22. Qe1 Bh6 23. Nc1 Nc8 24. Nb3 Nd6 25. Nf1 Nc4 26. Bxc4 bxc4 27. Rxc4 Qe6 28. Rc2 Nd7 29. Bxd4 Ba4 30. Be3 Bf8 31. Bd2 Bxb3 32. axb3 Qxb3 33. Rcc1 Nf6 34. Rb1 Qa4 35. Ne3 Red8 36. Rdc1 Rd4 37. Rc7 Kg8 38. Bc3 Ne8 39. Rc4 Rxc4 40. Nxc4 f6 41. Ne3 Nc7 42. Qe2 Qc6 43. Be1 Kg7 44. h4 Nb5 45. Nd5 Nd4 46. Qd3 Nb5 47. Bd2 Rd8 48. Rc1 Qb7 49. Qc4 Rd7 50. Be3 Nd6 51. Qc6 Qxc6 52. Rxc6 f5 53. Bc5 Nb5 54. Rb6 Bxc5+ 55. bxc5 fxe4 56. fxe4 Na7 57. c6 Rf7 58. c7 Nc8 59. Re6 1-0

[Event "CAN-ch"]
[Site "Richmond CAN"]
[Date "2002.03.28"]
[Round "8.2"]
[White "Yoos, John"]
[Black "Hebert, Jean"]
[Result "1/2-1/2"]
[WhiteElo "2425"]
[BlackElo "2470"]
[PlyCount "156"]
[GameId "2160767911483647"]
[EventDate "2002.03.21"]
[EventType "swiss"]
[EventRounds "11"]
[EventCountry "CAN"]

1. e4 e6 2. d4 d5 3. e5 c5 4. c3 Nc6 5. Nf3 Bd7 6. a3 Nge7 7. Bd3 cxd4 8. cxd4 Nf5 9. Bxf5 exf5 10. Nc3 Be6 11. Ne2 Be7 12. h4 h6 13. Kf1 Qb6 14. Kg1 g6 15. Rb1 a5 16. Be3 a4 17. Nc3 Qa6 18. Ne1 Qc4 19. Rc1 Qb3 20. Qd3 Kd7 21. Nf3 Ra5 22. Qd2 Ra6 23. Rb1 Bf8 24. g3 Na5 25. Kg2 Nc4 26. Qc1 Rc6 27. Nd2 Nxd2 28. Qxd2 Rc4 29. Rbc1 Be7 30. Ne2 Rhc8 31. Rxc4 Rxc4 32. Rc1 h5 33. Rxc4 Qxc4 34. Nf4 b6 35. Ne2 Kc6 36. Bg5 Bf8 37. Bd8 Bc8 38. Nf4 Ba6 39. Kh2 Bh6 40. Bg5 Bg7 41. Ng2 Bf8 42. Nf4 Bc8 43. Qd1 Be6 44. Ng2 Kb7 45. Ne3 Qc6 46. Qd2 Ka6 47. Nd1 Qc4 48. Nc3 b5 49. Nd1 b4 50. Ne3 Qb5 51. axb4 Bxb4 52. Qc2 Kb7 53. Ng2 Qc6 54. Qd1 Qb5 55. Be3 Ba5 56. Nf4 Bb6 57. Qc2 Qc6 58. Qd3 Bd8 59. Qa3 Ka7 60. b3 Bb6 61. bxa4 Ka6 62. a5 Ba7 63. Nd3 Qc7 64. Nb4+ Kb5 65. Qb2 Kxa5 66. Bd2 Qc4 67. Nc6+ Ka6 68. Qa3+ Kb6 69. Nxa7 f4 70. Qa5+ Kb7 71. Nb5 fxg3+ 72. Kxg3 Qd3+ 73. Kh2 Qh3+ 74. Kg1 Qg4+ 75. Kf1 Qd1+ 76. Kg2 Qg4+ 77. Kf1 Qd1+ 78. Kg2 Qg4+ 1/2-1/2

[Event "CAN-ch"]
[Site "Richmond CAN"]
[Date "2002.03.29"]
[Round "9.3"]
[White "Hebert, Jean"]
[Black "Glinert, Stephen"]
[Result "0-1"]
[WhiteElo "2470"]
[BlackElo "2391"]
[PlyCount "120"]
[GameId "2160767911483667"]
[EventDate "2002.03.21"]
[EventType "swiss"]
[EventRounds "11"]
[EventCountry "CAN"]

1. e4 b6 2. d3 Bb7 3. f4 e6 4. Nf3 d5 5. e5 c5 6. c3 d4 7. Nbd2 Ne7 8. Ne4 Nf5 9. Be2 Be7 10. O-O h5 11. Nfg5 g6 12. Bf3 Nc6 13. Rb1 Qd7 14. b4 dxc3 15. bxc5 Ncd4 16. Rb4 c2 17. Qe1 Nxf3+ 18. Rxf3 bxc5 19. Rc4 Bd5 20. Rxc2 Nd4 21. Rff2 Nxc2 22. Rxc2 Bxe4 23. Nxe4 Qxd3 24. Rd2 Qc4 25. Nd6+ Bxd6 26. exd6 O-O 27. Bb2 Qxf4 28. Be5 Qc4 29. Qe3 f6 30. Bc3 Rab8 31. h3 e5 32. Ba5 Qf4 33. Qxf4 exf4 34. d7 Rbd8 35. a3 Kf7 36. Bxd8 Rxd8 37. Rd5 Ke6 38. Rxc5 Rxd7 39. Ra5 h4 40. Kf2 f5 41. Ra6+ Kf7 42. Ra5 Kf6 43. Ra6+ Kg5 44. Ra4 Rd2+ 45. Kf3 Rd3+ 46. Kf2 Rg3 47. Rxa7 f3 48. gxf3 Rxh3 49. Kg2 Rg3+ 50. Kf2 Rh3 51. Kg2 Rg3+ 52. Kf2 f4 53. Rh7 h3 54. a4 Kf5 55. a5 Ke5 56. a6 Rg2+ 57. Kf1 Ra2 58. Re7+ Kd6 59. Rh7 h2 60. a7 Rxa7 0-1

[Event "CAN-ch"]
[Site "Richmond CAN"]
[Date "2002.03.30"]
[Round "10.5"]
[White "Berry, Jonathan"]
[Black "Hebert, Jean"]
[Result "1/2-1/2"]
[WhiteElo "2379"]
[BlackElo "2470"]
[PlyCount "131"]
[GameId "2160767911483686"]
[EventDate "2002.03.21"]
[EventType "swiss"]
[EventRounds "11"]
[EventCountry "CAN"]

1. e4 e6 2. d4 d5 3. e5 c5 4. Nf3 Nc6 5. dxc5 Qc7 6. Nc3 Bxc5 7. Bf4 a6 8. Bd3 Nge7 9. O-O h6 10. a3 f5 11. exf6 Qxf4 12. fxe7 Nxe7 13. b4 Ba7 14. Ne2 Qf6 15. c4 O-O 16. Rc1 Bd7 17. Bb1 Rad8 18. Qc2 g6 19. Ng3 Bc6 20. cxd5 Bxd5 21. Nh5 Qh8 22. Qc7 gxh5 23. Qxe7 Bb8 24. Rfd1 Bd6 25. Qh4 Qg7 26. Rxd5 exd5 27. Qxh5 Bf4 28. Rd1 Bg5 29. h4 Bf6 30. Ba2 Kh8 31. Bxd5 Rfe8 32. g3 Re7 33. Kg2 Red7 34. Qf5 Bb2 35. Rd3 Qh7 36. Qxh7+ Rxh7 37. Rb3 Bxa3 38. Bxb7 Rxb7 39. Rxa3 Rd6 40. Ra4 Rb5 41. Ne1 Re5 42. Nc2 Rd2 43. Na1 Rf5 44. Rxa6 Rfxf2+ 45. Kh3 Kg7 46. Ra7+ Kg6 47. Ra6+ Rf6 48. Nb3 Rb2 49. Nc5 Rxa6 50. Nxa6 Kf5 51. Nc7 Rxb4 52. Nd5 Rb3 53. Nf4 Rb2 54. Nd3 Re2 55. Nf4 Rd2 56. Nh5 Rd7 57. g4+ Ke5 58. g5 Rd3+ 59. Kg4 Rd4+ 60. Kh3 hxg5 61. hxg5 Kf5 62. Ng3+ Kxg5 63. Kg2 Kg4 64. Ne2 Rd2 65. Kf2 Rd3 66. Nc1 1/2-1/2

[Event "CAN-ch"]
[Site "Richmond CAN"]
[Date "2002.03.31"]
[Round "11.5"]
[White "Hebert, Jean"]
[Black "Roussel-Roozmon, Thomas"]
[Result "1/2-1/2"]
[WhiteElo "2470"]
[BlackElo "2207"]
[PlyCount "128"]
[GameId "2160767911483704"]
[EventDate "2002.03.21"]
[EventType "swiss"]
[EventRounds "11"]
[EventCountry "CAN"]

1. d4 Nf6 2. Nf3 e6 3. g3 b6 4. Bg2 Bb7 5. O-O c5 6. c4 cxd4 7. Qxd4 Be7 8. Nc3 d6 9. Bg5 a6 10. Bxf6 Bxf6 11. Qd3 Bxf3 12. Bxf3 Ra7 13. Rfd1 Be7 14. Bg2 O-O 15. Rac1 Nd7 16. b3 Qb8 17. e3 Rc7 18. Qb1 Nf6 19. Ne2 Rd8 20. Nd4 Qc8 21. b4 d5 22. cxd5 Nxd5 23. Rxc7 Qxc7 24. Rc1 Nc3 25. Qc2 Rc8 26. Nc6 Bf6 27. Qd3 Rd8 28. Nxd8 Ne2+ 29. Qxe2 Qxc1+ 30. Bf1 Bxd8 31. Qxa6 g6 32. Qb5 Kg7 33. Qe5+ Kg8 34. Qd4 Qc7 35. a3 Be7 36. Qb2 Qd6 37. Be2 Bf8 38. Qc2 Be7 39. Bf3 Bf6 40. Kf1 Kf8 41. Ke2 Kg7 42. Be4 h5 43. h4 Kf8 44. Qc4 Be7 45. Bc6 Qe5 46. Qd4 Qxd4 47. exd4 g5 48. hxg5 Bxg5 49. a4 h4 50. Kd3 hxg3 51. fxg3 Ke7 52. a5 bxa5 53. bxa5 Kd6 54. Be8 f6 55. a6 Kc7 56. Bd7 Kb6 57. Bc8 Bc1 58. Kc4 Bb2 59. g4 Ba1 60. Bxe6 Kxa6 61. Kc5 Kb7 62. d5 Kc7 63. d6+ Kd8 64. Kd5 Bb2 1/2-1/2

[Event "Carnaval"]
[Site "Quebec CAN"]
[Date "2002.02.08"]
[Round "1"]
[White "Hebert, Jean"]
[Black "Ramaswamy, Kishor"]
[Result "1-0"]
[WhiteElo "2452"]
[BlackElo "2122"]
[PlyCount "63"]
[GameId "2160767911484149"]
[EventDate "2002.02.08"]
[EventType "swiss"]
[EventRounds "5"]
[EventCountry "CAN"]
[SourceTitle "EXT 2006"]
[Source "ChessBase"]
[SourceDate "2005.11.24"]
[SourceVersion "1"]
[SourceVersionDate "2005.11.24"]
[SourceQuality "1"]

1. c4 c6 2. e4 d5 3. exd5 cxd5 4. d4 Nf6 5. Nc3 e6 6. Nf3 Bb4 7. Bd3 Nc6 8. O-O O-O 9. a3 Be7 10. c5 b6 11. b4 bxc5 12. bxc5 Ne8 13. Qc2 f5 14. Bb5 Bd7 15. Re1 Qc8 16. Nxd5 Bd8 17. Nf4 Nc7 18. Bc4 Bf6 19. Bd2 Rb8 20. Bc3 Kh8 21. h4 Re8 22. h5 Nb5 23. Bxb5 Rxb5 24. h6 Qd8 25. Nh5 Rg8 26. d5 exd5 27. hxg7+ Bxg7 28. Nxg7 Rxg7 29. Rad1 Ne7 30. Qe2 Ng8 31. Rxd5 Qc8 32. Qe5 1-0

[Event "Carnaval"]
[Site "Quebec CAN"]
[Date "2002.02.09"]
[Round "2"]
[White "St Amand, Paul Jr"]
[Black "Hebert, Jean"]
[Result "1/2-1/2"]
[WhiteElo "2154"]
[BlackElo "2452"]
[PlyCount "37"]
[GameId "2160767911484170"]
[EventDate "2002.02.08"]
[EventType "swiss"]
[EventRounds "5"]
[EventCountry "CAN"]
[SourceTitle "EXT 2006"]
[Source "ChessBase"]
[SourceDate "2005.11.24"]
[SourceVersion "1"]
[SourceVersionDate "2005.11.24"]
[SourceQuality "1"]

1. e4 c5 2. c3 d5 3. exd5 Qxd5 4. d4 Nf6 5. Nf3 Nc6 6. Be2 cxd4 7. cxd4 e6 8. Nc3 Qd6 9. O-O Be7 10. Be3 O-O 11. Qd2 b6 12. Rfd1 Rd8 13. Bf4 Qd7 14. Ne5 Nxe5 15. dxe5 Qxd2 16. Rxd2 Ne8 17. Rxd8 Bxd8 18. Bf3 Rb8 19. Rd1 1/2-1/2

[Event "Carnaval"]
[Site "Quebec CAN"]
[Date "2002.02.09"]
[Round "3"]
[White "Ouimet, Bernard"]
[Black "Hebert, Jean"]
[Result "0-1"]
[WhiteElo "2001"]
[BlackElo "2452"]
[PlyCount "50"]
[GameId "2160767911484175"]
[EventDate "2002.02.08"]
[EventType "swiss"]
[EventRounds "5"]
[EventCountry "CAN"]
[SourceTitle "EXT 2006"]
[Source "ChessBase"]
[SourceDate "2005.11.24"]
[SourceVersion "1"]
[SourceVersionDate "2005.11.24"]
[SourceQuality "1"]

1. e4 c5 2. Nf3 Nc6 3. d4 cxd4 4. Nxd4 e5 5. Nb5 d6 6. N1c3 a6 7. Na3 b5 8. Nd5 Nge7 9. Be3 Nxd5 10. Qxd5 Bb7 11. Be2 Be7 12. O-O O-O 13. f3 Rc8 14. Rfd1 Na5 15. Qd2 f5 16. exf5 d5 17. g4 d4 18. Bf2 b4 19. Nb1 Qc7 20. Bg3 Nc4 21. Bxc4+ Qxc4 22. Bxe5 Bxf3 23. Bxd4 Bxd1 24. Qxd1 Rfd8 25. c3 Bf6 0-1

[Event "Carnaval"]
[Site "Quebec CAN"]
[Date "2002.02.10"]
[Round "4"]
[White "Hebert, Jean"]
[Black "Schleifer, Michael"]
[Result "1/2-1/2"]
[WhiteElo "2452"]
[BlackElo "2388"]
[PlyCount "132"]
[GameId "2160767911484185"]
[EventDate "2002.02.08"]
[EventType "swiss"]
[EventRounds "5"]
[EventCountry "CAN"]
[SourceTitle "EXT 2006"]
[Source "ChessBase"]
[SourceDate "2005.11.24"]
[SourceVersion "1"]
[SourceVersionDate "2005.11.24"]
[SourceQuality "1"]

1. e4 d5 2. exd5 Qxd5 3. Nc3 Qa5 4. d4 c6 5. Bc4 Nf6 6. Nf3 Bg4 7. h3 Bxf3 8. Qxf3 e6 9. Bd2 Qc7 10. O-O-O Nbd7 11. Rhe1 O-O-O 12. Bf1 h6 13. Kb1 Nb6 14. Ne4 Nxe4 15. Qxe4 Nd5 16. Qf3 Nf6 17. Bf4 Bd6 18. Bc1 c5 19. dxc5 Bxc5 20. Rd3 Rxd3 21. Bxd3 Qb6 22. Re5 Rd8 23. Bc4 Qc7 24. Re2 Rd1 25. c3 Qd6 26. Kc2 Rg1 27. Bd3 Qd5 28. Qxd5 Nxd5 29. Be4 Nf6 30. Bf3 Rf1 31. Be3 Bxe3 32. fxe3 Nd7 33. Be4 f5 34. Bd3 Ne5 35. c4 g5 36. Kc3 h5 37. Bc2 h4 38. c5 Kd7 39. b4 g4 40. hxg4 fxg4 41. Be4 Kc7 42. b5 g3 43. Rd2 Re1 44. Kd4 Ng4 45. b6+ axb6 46. cxb6+ Kxb6 47. Rb2+ Ka5 48. Rxb7 Nxe3 49. Ra7+ Kb6 50. Rb7+ Ka6 51. Re7 h3 52. Rxe6+ Ka7 53. gxh3 g2 54. Bxg2 Rd1+ 55. Kxe3 Re1+ 56. Kf4 Rxe6 57. Bd5 Rh6 58. Kg4 Kb6 59. h4 Kc5 60. Bb3 Kd6 61. h5 Ke7 62. Kg5 Rb6 63. h6 Kf8 64. Kh5 Rb5+ 65. Kg6 Rb6+ 66. Kg5 Ra6 1/2-1/2

[Event "Carnaval"]
[Site "Quebec CAN"]
[Date "2002.02.10"]
[Round "5"]
[White "Duong, Thanh Nha"]
[Black "Hebert, Jean"]
[Result "1-0"]
[WhiteElo "2364"]
[BlackElo "2452"]
[PlyCount "79"]
[GameId "2160767911484195"]
[EventDate "2002.02.08"]
[EventType "swiss"]
[EventRounds "5"]
[EventCountry "CAN"]
[SourceTitle "EXT 2006"]
[Source "ChessBase"]
[SourceDate "2005.11.24"]
[SourceVersion "1"]
[SourceVersionDate "2005.11.24"]
[SourceQuality "1"]

1. d4 Nf6 2. c4 e6 3. Nf3 b6 4. Bg5 Bb7 5. Nbd2 h6 6. Bh4 d6 7. e3 Nbd7 8. Bd3 g5 9. Bg3 h5 10. h3 h4 11. Bh2 Rg8 12. Qe2 c5 13. O-O-O Qc7 14. Kb1 Be7 15. e4 Nh5 16. g3 hxg3 17. fxg3 cxd4 18. Nxd4 g4 19. Nb5 Qb8 20. hxg4 Nhf6 21. g5 Rxg5 22. Nf3 Rg8 23. g4 Ne5 24. g5 Nfd7 25. Nxe5 dxe5 26. Rhg1 Nf8 27. Bc2 Ng6 28. Rgf1 Bc6 29. Qf3 Rg7 30. Nd4 Qb7 31. Nxc6 Qxc6 32. Qc3 Rc8 33. Bxe5 Rh7 34. Bf6 Bxf6 35. Qxf6 Qxc4 36. Rc1 Rc5 37. e5 Rb5 38. Ba4 Qd3+ 39. Ka1 Ne7 40. Rfd1 1-0

[Event "CMA Futurity"]
[Site "Montreal CAN"]
[Date "2002.01.23"]
[Round "1"]
[White "Bluvshtein, Mark"]
[Black "Hebert, Jean"]
[Result "1/2-1/2"]
[WhiteElo "2354"]
[BlackElo "2398"]
[PlyCount "129"]
[GameId "2160767911484283"]
[EventDate "2002.01.23"]
[EventType "tourn"]
[EventRounds "9"]
[EventCountry "CAN"]
[EventCategory "3"]
[SourceTitle "The Week in Chess 379"]
[Source "Mark Crowther"]
[SourceDate "2002.02.11"]
[SourceVersion "1"]
[SourceVersionDate "2002.02.11"]
[SourceQuality "2"]

1. d4 Nf6 2. c4 e6 3. Nc3 Bb4 4. f3 c5 5. a3 cxd4 6. axb4 dxc3 7. bxc3 d5 8. cxd5 exd5 9. Bf4 Nc6 10. b5 Na5 11. e4 Be6 12. Ne2 b6 13. e5 Nd7 14. Nd4 Qc7 15. Qd3 Rc8 16. Rc1 O-O 17. Be2 Nc4 18. O-O Ndxe5 19. Qb1 Qc5 20. Bxc4 Nxc4 21. Kh1 Bd7 22. Rfe1 Rfe8 23. Rxe8+ Rxe8 24. h3 Na3 25. Qa2 Nxb5 26. Nxb5 Bxb5 27. Qxa7 h6 28. Qc7 Re2 29. Qxc5 bxc5 30. Rd1 Bc4 31. Rd2 Re6 32. Bb8 f6 33. Kg1 Ra6 34. Bf4 Ra3 35. Bd6 Rxc3 36. Bxc5 Rb3 37. Kf2 h5 38. g4 h4 39. Kg2 Rb1 40. Kh2 Kf7 41. Bf2 g5 42. Bd4 Kg6 43. Bb2 f5 44. Bd4 Rb3 45. Kg2 fxg4 46. hxg4 Rb1 47. Be5 Re1 48. Bc3 Rc1 49. Be5 Kf7 50. Bd4 Bf1+ 51. Kh2 Kg6 52. Bb2 Rb1 53. Be5 Bc4 54. Bd4 Rb3 55. Kg2 h3+ 56. Kxh3 Rxf3+ 57. Kg2 Rf4 58. Kg3 Be2 59. Rxe2 Rxd4 60. Re6+ Kf7 61. Rd6 Rd3+ 62. Kf2 d4 63. Rd5 Kf6 64. Rf5+ Kg6 65. Rd5 1/2-1/2

[Event "CMA Futurity"]
[Site "Montreal CAN"]
[Date "2002.01.24"]
[Round "2"]
[White "Schwartz, Ylan"]
[Black "Hebert, Jean"]
[Result "0-1"]
[WhiteElo "2317"]
[BlackElo "2398"]
[PlyCount "68"]
[GameId "2160767911484292"]
[EventDate "2002.01.23"]
[EventType "tourn"]
[EventRounds "9"]
[EventCountry "CAN"]
[EventCategory "3"]
[SourceTitle "The Week in Chess 379"]
[Source "Mark Crowther"]
[SourceDate "2002.02.11"]
[SourceVersion "1"]
[SourceVersionDate "2002.02.11"]
[SourceQuality "2"]

1. e4 e6 2. d4 d5 3. Nc3 Bb4 4. exd5 exd5 5. Bd3 Nf6 6. Bg5 O-O 7. Nge2 c6 8. O-O h6 9. Bh4 Re8 10. Qd2 Ne4 11. Bxe4 Qxh4 12. Bf3 Bf5 13. g3 Qf6 14. Nf4 Nd7 15. a3 Bd6 16. Nce2 Nb6 17. Rae1 g5 18. Nh5 Qg6 19. g4 Bxc2 20. Neg3 Nc4 21. Qc1 Kf8 22. Bd1 Bd3 23. Be2 Bxe2 24. Nxe2 Qd3 25. Neg3 Nd2 26. Rd1 Nf3+ 27. Kh1 Qg6 28. Qc3 Nh4 29. Kg1 Re7 30. b4 a6 31. Rd3 Rae8 32. Re3 Bxg3 33. hxg3 Rxe3 34. fxe3 Qe4 0-1